|
|
|
|
| LEADER |
00000nab a2200000 a 4500 |
| 001 |
vtls000630053 |
| 003 |
SK-MaSNL |
| 005 |
20260304091600.0 |
| 008 |
250425c1995 xo 0 slo |
| 015 |
|
|
|a SNBRA19rr/mm-uuuuu
|
| 035 |
|
|
|a CL0630192
|
| 035 |
|
|
|a urn:nbn:sk:snk-ab9g6o
|
| 035 |
|
|
|a (urnnbn)urn:nbn:sk:snk:ar-a08ddk
|
| 035 |
|
|
|a (uuid)a0fb70d7-e748-4d89-97ff-9888ede2f977
|
| 040 |
|
|
|a SNKBUCL
|b slo
|c SNKBUCL
|e AACR2
|
| 041 |
0 |
|
|a eng
|
| 044 |
|
|
|a xo
|c SK
|
| 080 |
|
|
|a 524.8-16:531.51:530.1:113/119
|2 1981
|
| 080 |
|
|
|a 531.51
|2 1981
|
| 080 |
|
|
|a 530.1
|2 1981
|
| 080 |
|
|
|a 113/119
|2 1981
|
| 100 |
1 |
|
|a Skalský, Vladimír
|4 aut
|9 488156
|
| 245 |
1 |
0 |
|a Dynamics of the expansive nondecelerative universe and gravitation and electromagnetic interactions
|c Vladimír Skalský, Miroslav Súkeník
|
| 300 |
|
|
|b Obr. 1, res. angl., slov., lit. 10 zázn. v angl., ruš., slov.
|
| 650 |
0 |
7 |
|a vesmír
|2 SNKPH
|9 1770
|
| 650 |
0 |
7 |
|a nedeceleračný expanzívny vesmír
|2 SNK
|9 1384180
|
| 650 |
0 |
7 |
|a gravitačné a elektromagnetické interakcie
|2 SNK
|9 1384181
|
| 655 |
|
7 |
|a články zo zborníkov
|2 SNKPH
|9 166140
|
| 700 |
1 |
|
|a Súkeník, Miroslav
|4 aut
|9 364901
|
| 773 |
0 |
|
|t Zborník vedeckých prác Materiálovotechnologickej fakulty Slovenskej technickej univerzity v Bratislave. Zv. 3/1995
|d Bratislava : Slovenská technická univerzita, 1995
|g S. 169-176
|z 8022708100
|
| 850 |
|
|
|a Slovenská národná knižnica
|
| 852 |
|
|
|a Slovenská národná knižnica
|
| 958 |
|
|
|a article13
|
| 958 |
|
|
|a NB
|
| 958 |
|
|
|a RK
|
| 958 |
|
|
|a OND
|
| 958 |
|
|
|a EUIPO
|
| 999 |
|
|
|c 2815939
|d 2817869
|